Statistiques concernant Pays avec le Plus de McDonald

Cliquez ici pour prendre le quiz!

Statistiques générales

  • Ce quiz a été pris 362 fois
  • Le résultat moyen est 13 sur 20

Statistiques - réponses

#Pays% Correct
1,500France
99%
3,500Chine
91%
1,400Canada
90%
13,257USA
90%
1,438Allemagne
89%
550Espagne
88%
2,900Japon
86%
640Italie
83%
1,031Brésil
82%
402Mexique
82%
1,300Royaume Uni
77%
300Inde
70%
981Australie
68%
492Pologne
57%
447Corée du Sud
48%
275Afrique du Sud
32%
304Arabie Saoudite
27%
655Philippines
14%
282Malaisie
11%
413Taiwan
11%

Distribution des résultats

Percentile par nombre de réponses

% des personnes avec chaque résultat

Votre développement - résultats

Vous n’avez pas pris ce quiz